LEADER 01845nam a2200349 i 4500 001 000000349705 003 CaOOAMICUS 005 20220318122219.0 008 220318s2021 it u000 u ita u 013 $a230381 020 $a978-88-7367-290-6 040 $aSeMil$bita 100 1 $aValli, Norberto,$d<1968- >.$0(OLS)http://semarc/name/41518 245 10$aČ apparsa nel mondo la salvezza :$bNatale ed Epifania nel rito ambrosiano /$cNorberto Valli ; prefazione di S.E. mons. Mario Delpini ; postfazione di Marco Navoni. 264 1$aRoma :$bCLV, Centro liturgico vincenziano,$c2021. 300 $a396 p. ;$c24 cm 490 1 $aBibliotheca Ephemerides Liturgicae. Subsidia ;$v198 504 $aBibliografķa, p. [369]-390 650 4$aLiturgia ambrosiana - Storia - Fonti.$0(OLS)http://semarc/subject/1252 650 4$aLiturgia ambrosiana - Natale.$0(OLS)http://semarc/subject/51864 650 4$aLiturgia ambrosiana - Epifania.$0(OLS)http://semarc/subject/51865 650 4$aRito ambrosiano.$0(OLS)http://semarc/subject/2295 700 1 $aNavoni, Marco,$c.$0(OLS)http://semarc/name/6539 700 1 $aDelpini, Mario,$c.$0(OLS)http://semarc/name/90660 830 0$aBibliotheca Ephemerides Liturgicae. Subsidia ;$v198.$0(OLS)http://semarc/title/38 850 $aSeMil 852 $aSeMil$W1$xVenegono$y1$m3KA A 198$j232140$B240751$CSeMilBibl$Z2$F240751 $81 961 $aValli don Norberto - omaggio. -- Con dedica autografa dell'A. alla biblioteca 996 $6020$a978-88-7367-290-6$9(OLS)http://semarc/number/295456 996 $6245$aČ apparsa nel mondo la salvezza :$bNatale ed Epifania nel rito ambrosiano$9(OLS)http://semarc/title/439320 996 $6264$aRoma :$bCLV, Centro liturgico vincenziano$9(OLS)http://semarc/publisher/59402 LEADER 00857nam a2200217 i 4500 001 000000052471 003 CaOOAMICUS 005 20101012000000.0 008 101012n it u000 u ita u 013 $a23643 040 $aSeMil$bita 100 1 $aBrovelli, Franco,$d<1941- >.$0(OLS)http://semarc/name/15532 245 10$aCelebriamo la cena del Signore /$cFranco Brovelli. 260 $a[S.l. :$bs.n.,$c19--?] 300 $a1 v. (varie sequenze) ;$c27 cm. 650 4$aDispense scolastiche.$0(OLS)http://semarc/subject/526 650 4$aEucaristia - Teologia liturgica.$0(OLS)http://semarc/subject/385 850 $aSeMil 852 $aSeMil$W1$xVenegono$y1$m6X V 24$j18625$B18625$CSeMilBibl$Z2$F18627 $8B 996 $6245$aCelebriamo la cena del Signore$9(OLS)http://semarc/title/80508 996 $6260$a[S.l. :$bs.n.$9(OLS)http://semarc/publisher/31686